[Event "Golden Rook op 56th"]
[Site "Chotowa"]
[Date "2014.06.11"]
[Round "5"]
[White "Antolak, Julia"]
[Black "Dranka, Jowita"]
[Result "1-0"]
[WhiteElo "1869"]
[BlackElo "1609"]
[PlyCount "55"]
[EventDate "2014.06.08"]
[EventType "team-swiss"]
[EventRounds "9"]
[EventCountry "POL"]
[SourceTitle "EXT 2015"]
[Source "ChessBase"]
[SourceDate "2014.11.20"]
[SourceVersion "1"]
[SourceVersionDate "2014.11.20"]
[SourceQuality "1"]

1. e4 c5 2. Nf3 d6 3. d4 cxd4 4. Nxd4 Nf6 5. Nc3 g6 6. Be2 Bg7 7. 0-0 0-0 8. Bg5 Nc6 9. Nb3 Bd7 10. Kh1 a6 11. f4 Qc8 12. Bf3 Bg4 13. Nd5 Bxf3 14. Qxf3 Nxd5 15. exd5 Nb4 16. c3 f6 17. Bh4 g5 18. Bf2 Nc2 19. Rac1 Qc4 20. Rg1 g4 21. Qxg4 Qe4 22. Qe6+ Qxe6 23. dxe6 Na3 24. bxa3 f5 25. Bd4 Bh6 26. g3 a5 27. a4 Rfb8 28. c4 1-0

[Event "Golden Rook op 56th"]
[Site "Chotowa"]
[Date "2014.06.10"]
[Round "4"]
[White "Dranka, Jowita"]
[Black "Sosnowska, Elzbieta"]
[Result "1-0"]
[WhiteElo "1609"]
[BlackElo "1894"]
[PlyCount "119"]
[EventDate "2014.06.08"]
[EventType "team-swiss"]
[EventRounds "9"]
[EventCountry "POL"]
[SourceTitle "EXT 2015"]
[Source "ChessBase"]
[SourceDate "2014.11.20"]
[SourceVersion "1"]
[SourceVersionDate "2014.11.20"]
[SourceQuality "1"]

1. e4 e5 2. Nf3 Nf6 3. Nc3 Nc6 4. Bc4 Bb4 5. d3 0-0 6. Bd2 d6 7. h3 h6 8. 0-0 Ne7 9. a3 Ba5 10. Ne2 Bb6 11. Ng3 c6 12. Bb3 Qc7 13. Re1 Ng6 14. Be3 Bxe3 15. Rxe3 Be6 16. d4 Nf4 17. Bxe6 fxe6 18. dxe5 dxe5 19. Qe1 g5 20. Qc3 Ng6 21. Rd1 Rad8 22. Red3 Rxd3 23. Rxd3 g4 24. hxg4 Nxg4 25. Qd2 Rf7 26. Rd6 Nf4 27. Qd1 Qb6 28. Nh1 h5 29. Ng5 Rf8 30. g3 Ng2 31. Qe2 N2e3 32. Rxe6 Nd1 33. Rg6+ Kh8 34. Nh3 Qd8 35. Rg5 Nf6 36. Rxe5 Nxb2 37. Nf4 Re8 38. Rxe8+ Qxe8 39. e5 Ng4 40. e6 Kg7 41. f3 Nf6 42. Qe5 Qd8 43. Nxh5+ Kg6 44. Nf4+ Kh6 45. e7 Qd1+ 46. Kg2 Qxc2+ 47. Ne2 Ne8 48. Nf2 Nc4 49. Ng4+ Kg6 50. Qe6+ Kg7 51. Nh6 Ncd6 52. Qe3 Qg6 53. Ng4 Nf5 54. Qe5+ Kh7 55. Nf4 Qf7 56. Ne6 Kg8 57. Qxf5 Qxe7 58. Nh6+ Kh8 59. Qg6 Nf6 60. Nf7+ 1-0

[Event "Golden Rook op 56th"]
[Site "Chotowa"]
[Date "2014.06.10"]
[Round "3"]
[White "Krzyzanowska Zadlo, Lidia"]
[Black "Dranka, Jowita"]
[Result "1-0"]
[WhiteElo "1870"]
[BlackElo "1609"]
[PlyCount "113"]
[EventDate "2014.06.08"]
[EventType "team-swiss"]
[EventRounds "9"]
[EventCountry "POL"]
[SourceTitle "EXT 2015"]
[Source "ChessBase"]
[SourceDate "2014.11.20"]
[SourceVersion "1"]
[SourceVersionDate "2014.11.20"]
[SourceQuality "1"]

1. e4 c5 2. Nc3 d6 3. f4 Nc6 4. Bb5 Bd7 5. Nf3 g6 6. 0-0 Bg7 7. d3 a6 8. Bxc6 bxc6 9. Qe1 e6 10. b3 Ne7 11. Bb2 0-0 12. Na4 Bxb2 13. Nxb2 d5 14. c4 Qc7 15. e5 Nf5 16. Na4 Nd4 17. Qf2 Nxf3+ 18. Qxf3 Qa7 19. Qf2 d4 20. Qh4 f5 21. Qe7 Rf7 22. Qxc5 Qxc5 23. Nxc5 Kf8 24. Kf2 Ke7 25. b4 a5 26. a3 a4 27. Nb7 Rff8 28. Nd6 Rfb8 29. h3 h5 30. g4 Rg8 31. gxh5 gxh5 32. Rg1 h4 33. Nb7 Kf7 34. Nc5 Ra7 35. Rxg8 Kxg8 36. Rg1+ Kh7 37. Rg5 Bc8 38. Rh5+ Kg7 39. Rxh4 Kg8 40. Rh6 Kg7 41. Rh5 Kg8 42. Rg5+ Kf8 43. h4 Rh7 44. h5 Bd7 45. Kg3 Ke7 46. Nxa4 Be8 47. Kh4 Kd7 48. Nc5+ Ke7 49. a4 Bf7 50. a5 Rh8 51. a6 Rb8 52. Nb7 Ra8 53. b5 cxb5 54. cxb5 Be8 55. Nd6 Rb8 56. b6 Rxb6 57. Nc8+ 1-0

[Event "Ogolnopolski-ch 55th"]
[Site "Zamosc"]
[Date "2013.??.??"]
[Round "5"]
[White "Dranka, Jowita"]
[Black "Byrka, Joanna"]
[Result "0-1"]
[WhiteElo "1575"]
[BlackElo "1959"]
[PlyCount "112"]
[EventDate "2013.06.07"]
[EventType "swiss"]
[EventRounds "9"]
[EventCountry "POL"]
[SourceTitle "EXT 2014"]
[Source "ChessBase"]
[SourceDate "2013.11.20"]
[SourceVersion "1"]
[SourceVersionDate "2013.11.20"]
[SourceQuality "1"]

1. e4 c5 2. Nf3 Nc6 3. d4 cxd4 4. Nxd4 Nf6 5. Nc3 e6 6. Nxc6 bxc6 7. Bd3 d5 8. exd5 cxd5 9. Bf4 a6 10. 0-0 Bd6 11. Qf3 Bxf4 12. Qxf4 0-0 13. Rfe1 Bb7 14. Rad1 Rc8 15. Be2 Qb6 16. Na4 Qa5 17. Bd3 Bc6 18. Nc3 Rb8 19. Rb1 Rfd8 20. b4 Qb6 21. b5 axb5 22. Bxb5 Qa5 23. Bxc6 Rxb1 24. Rxb1 Qxc3 25. Qc7 Rf8 26. h3 h6 27. Rb8 Rxb8 28. Qxb8+ Kh7 29. Ba4 Qa1+ 30. Kh2 Qxa2 31. Qb3 Qa1 32. c4 Qe5+ 33. g3 dxc4 34. Qxc4 g6 35. Bc2 h5 36. Kg2 Qb2 37. Kh2 Qb6 38. Kg2 Qb7+ 39. Kh2 Qf3 40. Kg1 Nd5 41. Qe4 Qf6 42. Kg2 Ne7 43. Qf3 Kg7 44. Qxf6+ Kxf6 45. f4 Nf5 46. Kf2 g5 47. fxg5+ Kxg5 48. Bb3 h4 49. g4 Nd4 50. Ba4 Kf4 51. Be8 f6 52. Bg6 e5 53. Bb1 e4 54. Kg2 Ke3 55. Kg1 Kf3 56. Kh2 e3 0-1

[Event "Augustow Golden Rook op 53rd"]
[Site "Augustow"]
[Date "2011.05.29"]
[Round "2.8"]
[White "Dranka, Jowita"]
[Black "Cyboran, Katarzyna"]
[Result "0-1"]
[WhiteElo "1523"]
[BlackElo "1806"]
[PlyCount "48"]
[EventDate "2011.05.29"]
[EventType "team-swiss"]
[EventRounds "9"]
[EventCountry "POL"]
[SourceTitle "EXT 2023"]
[Source "ChessBase"]
[SourceDate "2022.10.05"]
[SourceVersion "1"]
[SourceVersionDate "2022.10.05"]
[SourceQuality "1"]
[WhiteTeam "Zarow Goniec"]
[BlackTeam "Czarna LKSz. GCKiP 1"]
[WhiteTeamCountry "POL"]
[BlackTeamCountry "POL"]

1. e4 e6 2. d4 d5 3. exd5 exd5 4. Nf3 Nf6 5. Bd3 Bd6 6. 0-0 0-0 7. c3 Bg4 8. h3 Bh5 9. Bg5 Nbd7 10. Nbd2 c6 11. Qc2 Qc7 12. Bf5 Rfe8 13. Rae1 b6 14. Nh4 Be2 15. Ndf3 Bxf1 16. Rxf1 Ne4 17. Be3 Ndf6 18. b3 Re7 19. c4 Rd8 20. Rc1 h6 21. c5 bxc5 22. dxc5 Bf4 23. Bxf4 Qxf4 24. Rd1 g5 0-1